Knižné hody

Bibliographic Details
Format: Article
Language:Slovak
ISSN:1336-4030
Subjects:
Online Access:www.vecernik.po.sk

MARC

LEADER 00000nab a2200000 a 4500
001 vtls009008335
003 SK-MaSNL
005 20260303065516.0
008 070719c20070525xo dr n 000 00slo
038 |a SVKPOCL 
040 |a SVKPOCL  |b slo  |c AACR2  |e AACR2 
041 |a slo 
044 |a xo  |c SK 
080 |a 027.53  |2 2001 
080 |a 028  |2 2001 
080 |a 82.033  |2 2001 
245 0 0 |a Knižné hody  |c [autor] (adoh) 
611 2 7 |a Knižné hody  |d (2007 :  |c Prešov, Slovensko)  |2 svkpocl  |9 1065657 
650 0 7 |a tvorivé čítanie  |2 svkpocl  |9 770520 
651 7 |a Prešov (Slovensko)  |2 svkpocl  |9 17347 
773 0 |t Prešovský večerník  |g Roč. XVIII, č. 4206 (25.5.2007), s.3  |x 1336-4030 
852 |a SVKPO  |b KIS3GCP 
856 4 1 |u www.vecernik.po.sk 
958 |a RG 
999 |c 1751477  |d 1753407